Plénum KV Čs. VTS - sekcie pre stavebníctvo

Bibliographic Details
Main Author: Schwarz, I. (Author)
Format: Article
Language:Slovak

MARC

LEADER 00000nab a2200000uu 4500
001 vtls011484376
003 SK-MaSNL
005 20260303155306.0
008 230222|1962 xo |||||||||||||||||slo|
015 |a SNBRB 
035 |a (urnnbn)urn:nbn:sk:snk:ar-0076y0 
035 |a (uuid)2fef74c9-66c7-4dee-a78d-9094b7fce847 
035 |a urn:nbn:sk:snk-abdazs 
040 |a SNKBUCL  |b slo  |c SNKBUCL  |e AACR2 
041 0 |a slo 
044 |a xo  |c SK 
100 1 |a Schwarz, I.  |4 aut  |9 1178850 
245 1 0 |a Plénum KV Čs. VTS - sekcie pre stavebníctvo  |c I. Schwarz 
773 0 |t Stavba : časopis pre techniku a ekonomiku stavebníctva  |g Roč. 9, č. 7 (1962), s. [224a]-[224b] 
954 |a odborná, vedecká literatúra pôvodná (slovenská)  |2 lita 
958 |a OND 
958 |a EUIPO 
958 |a article18 
999 |c 2039413  |d 2041343